Cartas filosóficas /

Publicadas en 1734, las Cartas filosóficas o Cartas inglesas tienen como origen el exilio de Voltaire en Inglaterra. Estructuradas en 13 segmentos en forma dialogada, a través de ellas defiende la tolerancia religiosa y la libertad personal y de ideas, y expone al catolicismo como raíz del fanatismo...

ver descrição completa

Na minha lista:
Detalhes bibliográficos
Autor principal: Voltaire (autor)
Formato: Livro
Idioma:espanhol
Publicado em: Madrid, España : SARPE, 1985, c1985
Colecção:(Los Grandes Pensadores, SARPE ; 4)
Assuntos:
Tags: Adicionar Tag
Sem tags, seja o primeiro a adicionar uma tag!

MARC

LEADER 00000nam^a2200000^u^4500
001 000544193
005 20250521000000.0
008 060220s1000^^^^^^^^^^^^r^^^^^000^0^spa^d
009 20260310131322.728
035 |a FMI 000013298 
037 |a Acervo Xavier Clavigero 
041 |a ESP 
096 |a 6.7/31/B 
100 |a Voltaire  |e (autor) 
240 1 1 |a [Cartas inglesas, de Voltaire] 
245 1 0 |a Cartas filosóficas /  |c Voltaire. 
264 4 |a Madrid, España :  |b SARPE,  |c 1985, c1985 
300 |a 264 p. 
336 |a texto  |b txt  |2 rdacontenido 
337 |a sin mediación  |b n  |2 rdamedio 
338 |a volumen  |b nc  |2 rdasoporte 
440 5 |a (Los Grandes Pensadores, SARPE ;  |v 4) 
500 |a Traducción de: Lettres philosophiques 
520 |a Publicadas en 1734, las Cartas filosóficas o Cartas inglesas tienen como origen el exilio de Voltaire en Inglaterra. Estructuradas en 13 segmentos en forma dialogada, a través de ellas defiende la tolerancia religiosa y la libertad personal y de ideas, y expone al catolicismo como raíz del fanatismo religioso. Presenta a Inglaterra como el modelo ideal de país, con instituciones sociales, religiosas y políticas tolerantes y libres, en el marco de una economía estable, cualidades apoyadas en la capacidad de pensar. Las Cartas filosóficas fueron prohibidas en Francia, pero Voltaire integró muchas de sus ideas en el diccionario filosófico, aparecido en 1764. Las Cartas son: 1. Sobre los cuáqueros; 2. Sobre los cuáqueros; 3. Sobre los cuáqueros; 4. Sobre los cuáqueros; 5. Sobre la religión anglicana; 6. Sobre los presbiterianos; 7. Sobre los socinianos, o arrianos, o antitrinitarios; 8. Sobre el parlamento; 9. Sobre el gobierno; 10. Sobre el comercio; 11. Sobre la inoculación de la vacuna; 12. Sobre el canciller Bacon; 13. Sobre Locke. Se incluyen en este volumen otros escritos filosóficos: 1. Abraham; 2. Abuso; 3. Abuso de las palabras; 4. Adulterio; 5. Alma; 6. Alquimista; 7. Amor; 8. Amor a Dios; 9. Amor propio; 10. Amor socrático; 11. Cielo de los antiguos; 12. Cielo material; 13. Clero; 14. Cristianismo. 
545 0 |a François-Marie Arouet, conocido simplemente como Voltaire (1694-1778), fue uno de los escritores y filósofos franceses más representativos de la época de la Ilustración. Con la razón como estandarte intelectual, colaboró en la escritura de la Enciclopedia junto a Jean le Rond d’Alembert, Denis Diderot y Jean-Jacques Rousseau, con quien mantuvo una conflictiva amistad. De espíritu racionalista, moralizante y polemista, siempre se propuso difundir las nuevas ideas y descubrimientos científicos, combatir la intolerancia y el fanatismo religioso, e impugnar por el progreso y la libertad. Su vasta obra se define por un estilo irónico y burlesco que atraviesa múltiples géneros, desde escritos políticos [Cartas filosóficas (1934)], a históricos [Historia de Carlos XII (1731), El siglo de Luis XIV (1751)], científicos [Elementos de la filosofía de Newton (1737), ensayos filosóficos [Ensayo de las costumbres (1736)], Tratado sobre la tolerancia (1736)], Diccionario filosófico (1764)], novelas cortas [Zadig (1748), Cándido (1759), El ingenuo (1767)], cuentos orientales [La princesa de Babilonia (1768), El toro blanco (1774)], tragedias [Tancredo (1760)], poemas filosóficos [Poema sobre el desastre de Lisboa (1756), La doncella de Orleans (1762)], así como numerosos panfletos, críticas y correspondencias, que en su totalidad suman cerca de 20,000 páginas escritas a lo largo de sesenta años. 
649 |a XX 
650 |a Instituciones Políticas -  |z Francia -  |x Historia 
650 |a Instituciones Políticas -  |z Inglaterra -  |x Historia 
650 |a Comercio 
650 |a Lenguaje 
650 |a Amor 
650 |a Adulterio 
650 |a Alma y Cuerpo 
650 |a Tolerancia e Intolerancia -  |x Tema Principal 
650 |a Libertad -  |x Tema Principal 
650 |a Desarrollo Económico-Social -  |z Inglaterra 
650 |a Anglicanismo -  |x Historia y Crítica 
650 |a Catolicismo -  |x Historia y Crítica -  |x Tema Principal 
650 |a Cristianismo -  |x Historia y Crítica -  |x Tema Principal 
650 |a Ilustración (Filosofía) -  |x Tema Principal 
650 |a Filosofía y Religión -  |z Francia 
650 |a Filosofía Política 
650 |a Filosofía Moderna 
650 |a Filosofía Francesa 
650 |a Locke, John 
910 |a Fondo Francisco Migoya Covarrubias S.J. 
920 |a Impresos - Libros 
930 |a Fondos Especiales 
905 |a 134 
901 |a SBC10655  |b IT2  |c ESP  |u 20250521 
902 |a https://opac.biblio.iteso.mx/vufind/Record/000544193